| 000 | 00550nam a2200181 a 4500 | ||
|---|---|---|---|
| 005 | 20140310183303.0 | ||
| 008 | 050704s19uu xx 00 eng d | ||
| 020 | _a0324232551 | ||
| 050 |
_aHD 30.28 _b.Ab2474 2006 |
||
| 100 | _aAbraham, Stanley C. | ||
| 245 |
_aStrategic planning : _ba practical guide for competitive success / _cAbraham, Stanley C. |
||
| 260 |
_aAustralia : _bThomson South Western, _c2006. |
||
| 300 |
_a223 p. : _bill. ; _c24 cm. |
||
| 521 | _aBSBA | ||
| 650 | _aStrategic planning. | ||
| 942 |
_cBK _2lcc _kFOR |
||
| 999 |
_c21028 _d21028 |
||